000
00345 a2200169 4500
001
190178
020
_a
85-08-07797-1
040
_c
Magnum
100
_a
Drewnick, Raul
240
1
0
_a
Ricardinho
_l
por
245
1
0
_a
Ricardinho
300
_a
117
362
0
_a
2002
440
1
_a
Ática
697
_a
LITERATURA INFANTO-JUVENIL
942
_c
BK
999
_c
190178
_d
190178